<?xml version="1.0" encoding="UTF-8"?>
<record
    xmlns:xsi="http://www.w3.org/2001/XMLSchema-instance"
    xsi:schemaLocation="http://www.loc.gov/MARC21/slim http://www.loc.gov/standards/marcxml/schema/MARC21slim.xsd"
    xmlns="http://www.loc.gov/MARC21/slim">

  <leader>01169aab a2200205 i 4500</leader>
  <controlfield tag="001">768714001</controlfield>
  <controlfield tag="003">CO-MdFUSB</controlfield>
  <controlfield tag="005">20250804124234.0</controlfield>
  <controlfield tag="008">220908s1994    ag ||||| |||| 00| 0 spa d</controlfield>
  <datafield tag="040" ind1=" " ind2=" ">
    <subfield code="b">spa</subfield>
    <subfield code="c">CO-MdFUSB</subfield>
  </datafield>
  <datafield tag="041" ind1=" " ind2=" ">
    <subfield code="a">spa</subfield>
  </datafield>
  <datafield tag="110" ind1=" " ind2=" ">
    <subfield code="a">Sojourners, </subfield>
  </datafield>
  <datafield tag="245" ind1="1" ind2="0">
    <subfield code="a">En camino a una nueva comunidad</subfield>
    <subfield code="c">/ Sojourners</subfield>
  </datafield>
  <datafield tag="300" ind1=" " ind2=" ">
    <subfield code="a">Vol. 13, Num 2 (Abril-Junio, 1994), P&#xE1;ginas 12 - 14</subfield>
    <subfield code="c">; 23 cm</subfield>
  </datafield>
  <datafield tag="520" ind1=" " ind2=" ">
    <subfield code="a">Por todas partes encontramos disc&#xED;pulas de Cristo que anhelan profundizar su experiencia de una vida en comunidad. Esta necesidad de compartir el peregrinaje espiritual con otros es coherente con nuestra fe, en cuyo centro est&#xE1; el modelo de Jes&#xFA;s, quien reuni&#xF3; a disc&#xED;pulos que participaron con &#xE9;l en su misi&#xF3;n.
Lo cierto es que la oracion, el estudio b&#xED;blico, el an&#xE1;lisis social y la acci&#xF3;n son ingredientes que nutren la vida comunitaria y ayudan a todo cristiano a compartir con otros el peregrinaje en el camino de fidelidad a Dios.</subfield>
  </datafield>
  <datafield tag="650" ind1=" " ind2="0">
    <subfield code="9">19</subfield>
    <subfield code="a">Vida cristiana</subfield>
  </datafield>
  <datafield tag="773" ind1="0" ind2=" ">
    <subfield code="t">Iglesia y Misi&#xF3;n</subfield>
    <subfield code="0">49402</subfield>
    <subfield code="9">59647</subfield>
    <subfield code="g">Volumen 13, n&#xFA;mero 2 (abril - junio, 1994), p&#xE1;ginas: 12 - 14</subfield>
    <subfield code="q">p&#xE1;gina: 12</subfield>
  </datafield>
  <datafield tag="942" ind1=" " ind2=" ">
    <subfield code="c">ANA</subfield>
  </datafield>
  <datafield tag="945" ind1=" " ind2=" ">
    <subfield code="a">JTF-925</subfield>
  </datafield>
  <datafield tag="952" ind1=" " ind2=" ">
    <subfield code="0">0</subfield>
    <subfield code="1">0</subfield>
    <subfield code="4">0</subfield>
    <subfield code="7">0</subfield>
    <subfield code="8">HEM</subfield>
    <subfield code="a">FUSBC</subfield>
    <subfield code="b">FUSBC</subfield>
    <subfield code="d">2016-01-26</subfield>
    <subfield code="l">0</subfield>
    <subfield code="o"> </subfield>
    <subfield code="r">2016-01-26 00:00:00</subfield>
    <subfield code="w">2016-01-26</subfield>
    <subfield code="y">ANA</subfield>
  </datafield>
  <datafield tag="999" ind1=" " ind2=" ">
    <subfield code="c">52056</subfield>
    <subfield code="d">52056</subfield>
  </datafield>
</record>
